Stati per minore estensione costiera - Africa - Statistics

Statistiche generali
  • Questo quiz è stato fatto 7 volte
  • Il punteggio medio è 8 su 10
Statistiche sulle risposte
Coste (km) Nazione % Corretto
121 Benin
100%
320 Guinea
100%
296 Guinea Equatoriale
100%
56 Togo
100%
80 Gambia
86%
314 Gibuti
86%
169 Repubblica del Congo
71%
37 Repubblica Democratica del Congo
71%
177 Mauritius
57%
209 São Tomé e Príncipe
57%
Nessun quiz corrispondente trovato
Distribuzione punteggi
Percentuale di utenti per punteggio
Percentile per numero di risposta
I tuoi punteggi nel tempo
Non hai fatto questo quiz